Životné prostredie a podnikanie

Dôležitá sankčná úloha právno-ekonomických nástrojov pri ochrane a tvorbe životného prostredia. Nový inštitút "ekologická ujma", zavedený v dlho očakávanom zákone o životnom prostredí. Ciele, ktoré sa sledujú vyberaním poplatkov za znečisťovanie.

Gespeichert in:
Bibliographische Detailangaben
1. Verfasser: Hradský, Róbert
Format: Buchkapitel
Sprache:Slowakisch
Schlagworte:
Tags: Tag hinzufügen
Keine Tags, Fügen Sie das erste Tag hinzu!

MARC

LEADER 00000naa a2200000 4500
001 r027147
005 20230824091419.7
041 0 |a slo 
044 |a SK 
245 1 0 |a Životné prostredie a podnikanie  |c Róbert Hradský 
520 |a Dôležitá sankčná úloha právno-ekonomických nástrojov pri ochrane a tvorbe životného prostredia. Nový inštitút "ekologická ujma", zavedený v dlho očakávanom zákone o životnom prostredí. Ciele, ktoré sa sledujú vyberaním poplatkov za znečisťovanie. 
610 2 0 |a Slovensko 
610 2 0 |a 1997 
610 2 0 |a prostredie životné 
610 2 0 |a zákony 
610 2 0 |a ochrana prostredia životného 
610 2 0 |a tvorba prostredia životného 
100 1 |a Hradský, Róbert